000 01130nam a22001817a 4500
008 110628t xxu||||| |||| 00| 0 eng d
010 _aHCMAF106
245 _aHigh Court Misc. Application No. 851 OF 2004 (Arising out of Miscellaneous Cause No. 177 of 2004) Cheborion Barishaki Vs The Attorney General of Uganda
260 _c2004
500 _aBEFORE: HIS LORDSHIP JUSTICE J.B.A. KATUTSI
999 _c4273
_d4273